000 00511nam a2200181Ia 4500
005 20250326142940.0
008 250326s9999 xx 000 0 und d
037 _aTextbook
040 _aFMSL
_beng
_cFMSL
041 _aeng
_2eng
084 _aX.1 P3
_qFMSL
100 _aSawyer W C
_9746961
245 0 _aInternational Economics
_cSawyer W C; Sprinkle R L
260 _aNew Jersey
_bNew Jersey, Upper Saddle River
_c2003
300 _axx,425
942 _cTB
_hX.1 P3
999 _c1297412
_d1297412